00702nam a22002177a 4500003000500000005001700005008004100022020002300063040001400086041000600100082001200106100002000118245004500138260004000183300002200223490003600245500012900281655002200410655002400432655002800456322820250424155954.0250424b sa ||||| |||| 00| 1 AFR d a9780799343472qpbk aRDAc2000 2A aAF JOUB aJoubert, Irma  aVer wink die Suiderkruis /cIrma Joubert aPretoria :bLapa Uitgewers,c[20.?] a311 pagesc20 cm. aTussen Stasies TrilogievBoek 1 aVer wink die Suiderkruis is die eerste boek in die Tussen stasies trilogie. Dit word opgevolg deur Tussen Stasies en Tolbos 0aAfrikaans Fiction 0aWar Stories Fiction 0aHuman Relations Fiction